Aproximación a la mujer negra brasileña a través de su historia /
Gardado en:
| Autor Principal: | |
|---|---|
| Formato: | Libro |
| Acceso en liña: | texto completo desde el sitio de la revista |
| Etiquetas: |
Engadir etiqueta
Sen Etiquetas, Sexa o primeiro en etiquetar este rexistro!
|
MARC
| LEADER | 00000nam a22000007a 4500 | ||
|---|---|---|---|
| 003 | cru CIDCACS/IIS | ||
| 005 | 20181205160542.0 | ||
| 007 | ta | ||
| 008 | 181205s1998 sp |||p|r||||||0| ||spa|d | ||
| 999 | |c 41961 |d 41961 | ||
| 040 | |c cru CIDCACS/IIS | ||
| 100 | 1 | |9 8084 |a Castro, Rocío | |
| 245 | 1 | |a Aproximación a la mujer negra brasileña a través de su historia / |c Rocío Castro | |
| 300 | |a páginas 28-34: |b fotos | ||
| 773 | 0 | |0 41952 |9 2483 |d Madrid: Solidaridad para el desarrollo y la paz, SODEPAZ-SODEPAU; Asociación Andaluza por la solidaridad y la paz 1990- |o 18779 |t Africa América Latina: |x 11302569 | |
| 856 | |u http://sodepaz.org/images/pdf/revista033/04mujernegra.pdf |y texto completo desde el sitio de la revista | ||
| 942 | |2 ddc |c PP | ||
